Revista de psicología /

保存先:
書誌詳細
その他の著者: Mankeliunas, Mateo V. (dir.) 指揮者
フォーマット: 図書
言語:スペイン語
主題:
タグ: タグ追加
タグなし, このレコードへの初めてのタグを付けませんか!

MARC

LEADER 00000nam^a2200000^a^4500
001 000105639
005 20250521000000.0
009 20260310093506.121
037 |a Acervo ITESO - Biblioteca 
041 |a ESP 
082 |a 150. 5  |b REV V. 8 T. 2 
100 |a Mankeliunas, Mateo V.  |e (dir.) 
245 1 0 |a Revista de psicología /  |c Dir. de M.V. Mankeliunas. 
264 |a Bogotá, Colombia :  |b Universidad Nacional de Colombia, Facultad de Psicología,  |c 1963 
300 |a 109 p. 
336 |a texto  |b txt  |2 rdacontenido 
337 |a sin mediación  |b n  |2 rdamedio 
338 |a volumen  |b nc  |2 rdasoporte 
649 |a XX 
650 |a Psicología -  |x Publicaciones Periódicas Colombianas 
650 |a Ciegos -  |z Colombia 
650 |a Educación Especial -  |z Colombia 
650 |a Humanismo 
650 |a Orientación y Consejería 
650 |a Psicología Educativa 
650 |a Psicoterapia 
650 |a Psicoanálisis Freudiano 
910 |a Fondo Armando Suárez Gómez 
920 |a Impresos - Libros 
930 |a Fondos Especiales 
905 |a 111 
901 |a 0700002594  |b IT2  |c ESP  |u 20250521 
902 |a https://opac.biblio.iteso.mx/vufind/Record/000105639